| 000 | 00996nam a2200301 a 4500 | ||
|---|---|---|---|
| 001 | BRL_336 | ||
| 005 | 20190320210707.0 | ||
| 008 | 300713s1983----mx-#######---#000-0#spa-# | ||
| 020 | _a9681614941 | ||
| 041 | _aspa | ||
| 044 | _amx | ||
| 050 | 4 |
_aGT3214 _b.T46 1983 |
|
| 100 | 1 |
_aThomas, Louis-Vincent _d1922-1994 _923589 |
|
| 245 | 1 | 0 |
_aAntropología de la muerte _cLouis-Vincent Thomas ; traducción de Marcos Lara. |
| 260 |
_aMéxico _bFCE _c1983 |
||
| 300 |
_a640 p. _c23 cm. |
||
| 440 | 0 |
_aSección de obras de antropología _923590 |
|
| 500 | _aTraducción de : Anthropologie de la mort | ||
| 500 | _aEstado físico : hojas manchadas del canto inferior | ||
| 500 | _aAu323 | ||
| 650 | 1 | 4 |
_aRitos y ceremonias fúnebres _zMéxico _921103 |
| 650 | 1 | 4 |
_aMuerte _xAspectos sociales _zMéxico _923591 |
| 651 | 4 |
_aMéxico _xVida religiosa y costumbres _923592 |
|
| 651 | 4 |
_aMéxico _xVida social y costumbres _9769 |
|
| 700 | 1 |
_aLara, Marcos _etr. _923593 |
|
| 902 | _aGRL | ||
| 942 |
_2lcc _cB |
||
| 999 |
_c9149 _d9149 |
||